000288531 001__ 288531
000288531 005__ 20240928180547.0
000288531 0247_ $$aG:(GEPRIS)261147041$$d261147041
000288531 035__ $$aG:(GEPRIS)261147041
000288531 040__ $$aGEPRIS$$chttp://gepris.its.kfa-juelich.de
000288531 150__ $$aErschließung der historisch gewachsenen Franziskanerbibliothek Altstadt$$y2014 - 2018
000288531 371__ $$aProfessor Dr. Johannes Merz
000288531 450__ $$aDFG project G:(GEPRIS)261147041$$wd$$y2014 - 2018
000288531 5101_ $$0I:(DE-588b)2007744-0$$aDeutsche Forschungsgemeinschaft$$bDFG
000288531 680__ $$aDie Bibliothek des Franziskanerklosters Altstadt (Hammelburg) gehört zu den wenigen Einrichtungen dieses Ordens, die nicht säkularisiert wurden und insofern eine seit dem 16./17. bis ins beginnende 20. Jahrhundert organisch gewachsene, geschlossene Sammlung umfassen. Wenn es gelingt, ein derartiges Ensemble fachgerecht zu katalogisieren und in die zeitgemäßen bibliothekarischen Nachweismittel zu integrieren, dann werden neue Grundlagen für die internationale bibliotheksgeschichtliche Forschung zum Franziskanerorden geschaffen, der als einer der bedeutendsten Bettelorden überhaupt prägende Spuren in der zentraleuropäischen Kultur- und Mentalitätsgeschichte hinterlassen hat. Darüber hinaus lassen Stichproben in dem ca. 7.000 Bände und 10.000 Titel umfassenden Bestand einen außergewöhnlich hohen Anteil an seltenen, schwer zugänglichen oder gar bislang überhaupt nicht nachgewiesenen Werken erwarten. Der Franziskanerorden kann diese Bibliothek nicht auf Dauer aufrechterhalten. Die Übernahme als Schenkung an die Diözese Würzburg hat die äußeren Voraussetzungen für die dauerhafte wissenschaftliche Nutzbarkeit in der Diözesanbibliothek Würzburg geschaffen. Jedoch erst die komplette Erschließung des Bestandes kann seinen Nutzen für die überregionale Literaturversorgung sowie die Buch- und Bibliotheksgeschichte erweisen.
000288531 909CO $$ooai:juser.fz-juelich.de:955274$$pauthority$$pauthority:GRANT
000288531 909CO $$ooai:juser.fz-juelich.de:955274
000288531 980__ $$aG
000288531 980__ $$aAUTHORITY